=LDR 00000nam 2200000 4500 =001 INLIS000000000017568 =005 20130612112759 =008 ***********************************Ind** =035 ##$$0010-061300000017568 =041 ##$$a Ind =082 ##$$a 643.7 =090 ##$$a 643.7, Bus d =100 ##$$a Bustraan =245 ##$$a Daftar daftar untuk konstruksi baja, oleh Bustran, Z. Lambert =260 ##$$a 2005 $b Jakarta =300 ##$$a 40 hlm, ilus, 21 cm =650 ##$$a Baja Struktur-Daftar =850 ##$$a NBPNMAT